Bretton woods for better or worse

Uloženo v:
Podrobná bibliografie
Hlavní autor: Hawtrey, R. G.
Médium: Kniha
Jazyk:Undetermined
Vydáno: London Longmans, Green and Co. 1946
Témata:
Tagy: Přidat tag
Žádné tagy, Buďte první, kdo otaguje tento záznam!
Thư viện lưu trữ: Trung tâm Học liệu Trường Đại học Cần Thơ
LEADER 00532nam a2200181Ia 4500
001 CTU_81408
008 210402s9999 xx 000 0 und d
082 |a 332.15 
082 |b H399 
100 |a Hawtrey, R. G. 
245 0 |a Bretton woods for better or worse 
245 0 |c R. G. Hawtrey 
260 |a London 
260 |b Longmans, Green and Co. 
260 |c 1946 
650 |a Currency question,Foreign exchange,International monetary fund 
904 |i Trọng Hải 
980 |a Trung tâm Học liệu Trường Đại học Cần Thơ